| Tag |
First Indicator |
Second Indicator |
Subfields |
| LEADER |
00000cas a2200000 a 4500 |
| 001 |
in00001445521 |
| 005 |
20151020104444.0 |
| 006 |
m d |
| 007 |
cr cnu|||||||| |
| 008 |
980223d19762001ne fr pss 1 0eng d |
| 010 |
|
|
|a 2005264566
|
| 022 |
|
|
|y 0167-2231
|
| 029 |
1 |
|
|a OCLCS
|b 1602
|
| 029 |
1 |
|
|a OCLCS
|b OP-19215
|
| 029 |
1 |
|
|a NZ1
|b 8690760
|
| 029 |
1 |
|
|a AU@
|b 000028673916
|
| 035 |
|
|
|a (OCoLC)ocm38492269
|
| 035 |
|
|
|a (OCoLC)38492269
|
| 040 |
|
|
|a OH1
|c OH1
|d OCL
|d OCLCQ
|d IUL
|d OCLCQ
|d SBH
|d IUL
|d UtOrBLW
|
| 042 |
|
|
|a lcd
|
| 049 |
|
|
|a TXAM
|
| 090 |
|
|
|a HD87
|b .C37 Electronic
|
| 130 |
0 |
|
|a Carnegie-Rochester conference series on public policy (Online)
|
| 245 |
1 |
0 |
|a Carnegie-Rochester conference series on public policy.
|
| 264 |
|
1 |
|a [Amsterdam] :
|b North-Holland,
|c -[2001]
|
| 264 |
|
4 |
|c ©2001
|
| 310 |
|
|
|a Semiannual,
|b 1978-2001
|
| 321 |
|
|
|a Quarterly,
|b 1976-1977
|
| 336 |
|
|
|a text
|b txt
|2 rdacontent
|
| 337 |
|
|
|a computer
|b c
|2 rdamedia
|
| 338 |
|
|
|a online resource
|b cr
|2 rdacarrier
|
| 362 |
1 |
|
|a Print began with vol. 1, published in 1976.
|
| 362 |
0 |
|
|a -v. 55, issue 1 (Dec. 2001).
|
| 500 |
|
|
|a Description based on: Volume 2 (1976); title from publishers journal home page (viewed Mar. 13, 2006).
|
| 520 |
|
|
|a Each vol. consists of papers and discussions from the semi-annual Carnegie-Rochester Conference on Public Policy.
|
| 530 |
|
|
|a Also issued in print.
|
| 538 |
|
|
|a Mode of access: World Wide Web.
|
| 550 |
|
|
|a Jointly sponsored by: the Center for Research in Government Policy and Business, University of Rochester, and: the Graduate School of Industrial Administration, Carnegie-Mellon University, 1976- ; by the William E. Simon Graduate School of Business Administration, University of Rochester, and: the Graduate School of Industrial Administration, Carnegie-Mellon University, <1990>-2001.
|
| 580 |
|
|
|a Companion to: Journal of monetary economics (Online); absorbed by the journal in 2001.
|
| 500 |
|
|
|a Electronic resource.
|
| 650 |
|
0 |
|a Economic policy
|v Congresses.
|
| 711 |
2 |
|
|a Carnegie-Rochester Conference on Public Policy.
|
| 710 |
2 |
|
|a University of Rochester.
|b Center for Research in Government Policy and Business.
|
| 710 |
2 |
|
|a Carnegie-Mellon University.
|b Graduate School of Industrial Administration.
|
| 710 |
2 |
|
|a William E. Simon Graduate School of Business Administration.
|
| 776 |
1 |
|
|t Carnegie-Rochester conference series on public policy
|x 0167-2231
|w (DLC) 92657310
|w (OCoLC)2673676
|
| 785 |
1 |
4 |
|t Journal of monetary economics (Online)
|w (DLC) 2002239015
|w (OCoLC)39177811
|
| 994 |
|
|
|a C0
|b TXA
|
| 949 |
|
|
|a updated
|b h
|c 2009/04/17
|e lfurubot
|g Cessation
|
| 999 |
|
|
|a MARS
|
| 999 |
f |
f |
|s af5e3b69-6f52-32db-81d8-7a97f76650be
|i 2b8bdc82-2eba-3d2c-a6e8-8fc74288aedc
|t 0
|
| 952 |
f |
f |
|a Texas A&M University
|b College Station
|c Electronic Resources
|d Available Online
|t 0
|e HD87 .C37
|g Electronic
|h Library of Congress classification
|
| 998 |
f |
f |
|a HD87 .C37
|t 0
|l Available Online
|